000 00473nam a2200169Ia 4500
003 OSt
005 20260309112847.0
008 211028s2011 xx 000 0 und d
040 _cAIMIT LIBRARY
041 _aeng
100 _aMiaquith, Vincent Prakash; Kumar, Rakesh.
_g81733
_93429
110 _aThomas
_93430
245 _aMobile application for rural based healthcare /
260 _aManipal
_c2011
710 _aCenticero Solution Pvt Ltd
_93431
942 _2ddc
_cPRO
999 _c217229
_d217229